| 000 | 00861nam a2200277 a 4500 | ||
|---|---|---|---|
| 008 | |||
| 020 | _a052128256X (pbk.) | ||
| 049 | _aMAIN | ||
| 090 | _aQH323.5 | ||
| 100 | 1 | _aHoppensteadt, F. C. | |
| 245 | 1 | 0 |
_aMathematical methods of population biology / _cFrank C. Hoppensteadt. |
| 260 |
_aCambridge : _bCambridge University Press, _c1982. |
||
| 300 |
_aviii, 149 p. ; _c22 cm. |
||
| 440 | 0 |
_aCambridge studies in mathematical biology ; _v4. |
|
| 504 | _aIncludes bibliographical references. | ||
| 500 | _aIncludes indexes. | ||
| 650 | 0 |
_aPopulation biology _xMathematical models. |
|
| 650 | 2 | _aBiometry. | |
| 650 | 2 | _aModels, Biological. | |
| 650 | 2 | _aPopulation. | |
| 907 |
_a.b10049903 _b16-04-04 _c17-04-03 |
||
| 003 | |||
| 005 | 20230123133222.0 | ||
| 040 | _cNUST | ||
| 942 |
_cBOOKS _kQH323.5 |
||
| 999 |
_c144808 _d144808 |
||